| 000 | 00356 a2200157 4500 | ||
|---|---|---|---|
| 001 | 152455 | ||
| 040 | _cEscola São Tomás de Aquino | ||
| 100 | _aVIEIRA, Isabel. | ||
| 240 | 1 | 0 |
_aPríncipe de Astúrias _lpor |
| 245 | 1 | 0 | _aPríncipe de Astúrias |
| 300 | _a159 | ||
| 362 | 0 | _a2014 | |
| 440 | 1 | _aModerna | |
| 697 | _a*LITERATURA JUVENIL | ||
| 942 | _cBK | ||
| 999 |
_c152455 _d152455 |
||